[Event "HUN-chT2"]
[Site "Hungary"]
[Date "1996.??.??"]
[Round "?"]
[White "Pinter, Zoltan"]
[Black "Varhegyi, Miklos"]
[Result "1-0"]
[WhiteElo "2225"]
[BlackElo "2180"]
[PlyCount "66"]
[EventDate "1996.??.??"]
[EventType "team"]
[EventRounds "13"]
[EventCountry "HUN"]
[SourceTitle "EXT 2006"]
[Source "ChessBase"]
[SourceDate "2005.11.24"]
[SourceVersion "1"]
[SourceVersionDate "2005.11.24"]
[SourceQuality "1"]

1. e4 Nf6 2. e5 Nd5 3. d4 d6 4. c4 Nb6 5. f4 dxe5 6. fxe5 Nc6 7. e6 Qxd4 8. exf7+ Kxf7 9. Nd2 Bg4 10. Ngf3 Bxf3 11. Qxf3+ Qf6 12. Qh3 Rd8 13. Be2 Ke8 14. Rf1 Qe5 15. Rf5 Qd4 16. Nf3 Qe4 17. Ng5 Qc2 18. Nxh7 g6 19. Rxf8+ Rxf8 20. Nxf8 Nd4 21. Bd3 Nf3+ 22. Qxf3 Rxd3 23. Qe2 Qxc4 24. Nxg6 Nd5 25. Ne5 Qb4+ 26. Bd2 Qh4+ 27. g3 Rxg3 28. hxg3 Qh1+ 29. Kf2 Qh2+ 30. Kf3 Qh5+ 31. Ng4 Nf6 32. Qc4 Qf5+ 33. Qf4 Qxf4+ 1-0

[Event "Mesterjelolt-ch"]
[Site "Mesterjelolt"]
[Date "1990.??.??"]
[Round "?"]
[White "Somlai, Laszlo"]
[Black "Varhegyi, Miklos"]
[Result "1/2-1/2"]
[WhiteElo "2340"]
[BlackElo "2255"]
[PlyCount "67"]
[EventDate "1990.??.??"]
[EventType "swiss"]
[EventRounds "9"]
[EventCountry "HUN"]
[SourceTitle "EXT 2004"]
[Source "ChessBase"]
[SourceDate "2003.11.25"]
[SourceVersion "1"]
[SourceVersionDate "2003.11.25"]
[SourceQuality "1"]

1. e4 Nf6 2. e5 Nd5 3. d4 d6 4. c4 Nb6 5. exd6 cxd6 6. Nc3 g6 7. a4 a5 8. c5 dxc5 9. Bb5+ N6d7 10. Bf4 Bg7 11. Nd5 0-0 12. Bc7 Qe8 13. Nb6 Ra6 14. dxc5 Nc6 15. Bxa6 bxa6 16. Ne2 Nxb6 17. cxb6 Bb7 18. 0-0 Ne5 19. f3 Nc4 20. Qc1 Qc6 21. b3 Bxa1 22. Qxc4 Qf6 23. Rd1 Be5 24. Qc5 Bxc7 25. Qxc7 Qe6 26. Kf2 Qxb3 27. Rd7 Bd5 28. Rxe7 Qxa4 29. Rd7 Bc6 30. Rd6 Bb5 31. Rd4 Qa2 32. Re4 Bxe2 33. Rxe2 Qb3 34. b7 1/2-1/2